« Retourner aux résultats de recherche
Quand le ciel fait des histoires
| Auteur principal: | Laurent Romejko |
|---|---|
| Support: | Livres |
| Langue: | Francais |
| Publié: |
2025 Plon Paris |
| Genre: |
Documentaire |
| Sujets: | |
| Étiquettes: |
Ajouter
Pas de Tags !
|
| LEADER | 00750nam0a2200193 450 | ||
|---|---|---|---|
| 001 | 16847978 | ||
| 010 | |a 978-2-259-32129-7 |b br. |d 20 | ||
| 100 | |a 20250618d2025 u u0frey01 ba | ||
| 101 | 0 | |a fre | |
| 102 | |a FR | ||
| 200 | 0 | |a Quand le ciel fait des histoires |f Laurent Romejko | |
| 207 | 1 | |a | |
| 210 | |a Paris |b 8 rue Garancière. |c Plon |d 2025 | ||
| 215 | |a 1 vol. (302 p.) |d 23 x 14 cm | ||
| 330 | |a Depuis l'Antiquité jusqu'au XXIe siècle, l'auteur révèle des anecdotes surprenantes sur les caprices du temps et leur influence sur l'histoire. | ||
| 700 | 0 | |a Romejko |b Laurent |4 70 | |
| 900 | |a Documentaire | ||
| 901 | |a Accessible au prêt | ||
| 995 | |a Bibliothèque |c Bibliothèque |f 00156009423518 |h 00156009423518 |k 551.6 ROM |o p |q a |r az |e Bibliothèque | ||
